RESEARCH METHODS (Record no. 208526)

MARC details
000 -LEADER
fixed length control field 00276nam a22001217a 4500
003 - CONTROL NUMBER IDENTIFIER
control field OSt
005 - DATE AND TIME OF LATEST TRANSACTION
control field 20231130161930.0
040 ## - CATALOGING SOURCE
Transcribing agency LCC
050 ## - LIBRARY OF CONGRESS CALL NUMBER
Classification number H62.R472011
Item number C.1
245 ## - TITLE STATEMENT
Title RESEARCH METHODS
260 ## - PUBLICATION, DISTRIBUTION, ETC.
Place of publication, distribution, etc. GRET BRITAIN
Name of publisher, distributor, etc. UNIVERSITY OF LEICESTER
Date of publication, distribution, etc. 2011
942 ## - ADDED ENTRY ELEMENTS (KOHA)
Source of classification or shelving scheme Dewey Decimal Classification
Koha item type Long Loan Book
Suppress in OPAC No
Holdings
Withdrawn status Lost status Source of classification or shelving scheme Damaged status Not for loan Collection Home library Current library Date acquired Inventory number Total checkouts Full call number Barcode Date last seen Date last checked out Copy number Price effective from Koha item type
    Library of Congress Classification     Business & Economics Kisii University Library Kisii University Library 11/30/2023 100948 1 H62.R47 2011 000000000988 01/08/2024 11/30/2023 C.1 11/30/2023 Long Loan Book